000 00685nam a2200289Ia 4500
005 20260324143344.0
008 008 260324s9999 xx 000 0 eng d
020 _a9780203406823
037 _aEBOOK
040 _aCRL
040 _beng
040 _cCRL
041 _2eng
041 _aeng
084 _qCRL
100 _aWesley Cragg
_91215331
245 4 _aThe Practice of Punishment
245 0 _bTowards a Theory of Restorative Justice
260 _bTaylor and Francis
260 _c1992
365 _a
365 _b56.99
856 _uhttp://www.taylorfrancis.com/books/9780203406823
942 _cEBOOK
999 _c1820628
_d1820628